zpět

Detail výsledku týmu

U Kalicha, Rychnov u JnN

Datum a čas kvízu

23.5 Celkem bodů Celkový počet nahraných bodů na tomto kvízu bez doplňovacích otázek.
6. Pořadí na kvízu Konečné umístění týmu na tomto kvízu.

Zaznamenané odpovědi

# Otázka Odpověď Body Výsledky
1. Jeden myslivec šel v minulých... tabák 0
2. Prezident Umar al-Bašír pod tl... v Súdánu 1
3. Deset koncertů a dost! Jak se... Spirituál kvintet 0
4. Na konci března ochranka pražs... Raiffeisenbank 1
5. Jedničkou výběru kapitána Petr... Lucie Šafářová 1
6. V tomto tématu se podíváme na... Všechno bude, Zelená kniha 0
5. Jak se jmenuje komediální road... Blbý a blbější 1
8. Komediální road movie Pařba ve... Vo štvorici po opici 0
5. V roce 1984 natočil režisér Wi... Paříž, Texas 0
10. Jistou formou road movies jsou... v Argentině 0